000 01213nam a22002295i 4500
001 164125
003 ES-MaACL
005 20230906212857.0
008 991201s1900 fr |||| | fre d
100 1 _aRuff, Paul.
_9132164
245 1 3 _aLa domination espagnole à Oran sous le gouvernement du comte d'Alcaudete, 1534-1558
_b: avec un appendice contenant six documents inédits : mémoire présenté a l'École des Lettres d'Alger /
_cpar Paul Ruff.
260 _aParis :
_bErnest Leroux,
_c1900.
300 _aV, 180 p. ;
_c24 cm.
490 1 _aPublications de l'École des Lettres d'Alger. Bulletin de correspondance africaine ;
_v23
530 _aDisponible en formato digital.
600 1 4 _aAlcaudete, Martín de Córdoba y Velasco
_cConde de.
_9154573
651 4 _aOrán-
_xHistoria-
_y1509-1708, Dominación española.
_9171481
830 1 _aPublications de l'École des Lettres d'Alger. Bulletin de correspondance africaine ;
_v23
_9222333
852 _aES-MaACL
_jT-1439-F-2
_z- Enc. hol. conservando cub. original
_z- Enc. en un vol. facticio
856 _uhttp://bibliotecavirtualdefensa.es/BVMDefensa/es/consulta/registro.do?id=16617
_zBiblioteca Virtual de Defensa
999 _c164125
_d164125